Statistiques concernant Attaque des Titans Quizz (10-15 Difficiles)

Cliquez ici pour prendre le quiz!

Statistiques générales

  • Ce quiz a été pris 355 fois
  • Le résultat moyen est 10 sur 15

Statistiques - réponses

QuestionRéponse% Correct
Quel est le seul moyen de tuer les titans ?Leur trancher la nuque
97%
Qui a recueilli Livai après la mort de sa mère ?Kenny Ackermann
91%
Combien reste-il à vivre à quelqu'un qui assimile le pouvoir d'un titan primordial ?13 ans
89%
A quoi font références les noms des murs ?Aux noms des filles du 1er Roi Fritz
89%
Comment se nomme la mère de Eren ?Carla
88%
Quel était le surnom de Eren KRUGER ?La chouette
83%
Quelle a été la punition d'Ymir pour avoir libéré les cochons ?Etre la cible d'une chasse à l'homme
82%
Au sein de la combientième brigade Armin, Eren et Mikasa ont effectués leur entraînement de trois ans ?104ème
76%
Avant la bataille de Revelio, qui a hérité du titan Marteau ?Lara TEYBER
67%
En quelle année la bataille de Revelio à eu lieu ?854
60%
Jusqu'à l'an 845, dans quelle famille le titan primordial était conservé ?Reiss
55%
Qui était le généralissime de l'armée de Paradis ?Daris Zackley
50%
Comment est mort le grand-père de Armin ?Dans une opération de reconquête de territoire
49%
Qui est l'inventeur de l'équipement tri-dimensionnelAngel Altonen
47%
Qu'était "La grande épuration" ?Obligation aux femmes d'enfanter des eldiens
5%

Distribution des résultats

Percentile par nombre de réponses

% des personnes avec chaque résultat

Votre développement - résultats

Vous n’avez pas pris ce quiz